000 00949nam a2200277Ia 4500
001 Para_2995
003 CHAP
008 220125s1978 xx 000 0 und d
010 _a201381
040 _cCHAP
090 _aPA TESIS 449
100 _aGonzález Medina, Evaristo
_949163
245 _aIdentificación e incidencia de virus en clavel (Dianthus caryophyllis L.) en Villa Guerrero, Estado de México /
_c por Evaristo González Medina
260 _aChapingo, Méx. :
_b El autor
300 _a62 h.
502 _aTesis (Ing. Agr. Esp. Parasitología Agrícola) -- UACh. Departamento de Parasitología Agrícola
650 _aClavel
_x enfermedades por virus
_923704
710 _aUACh. Departamento de Parasitología Agrícola
_9115877
901 _aPA TESIS 449
902 _aA
905 _a0000001978 CHA 0000000000 00
910 _a1978
942 _cPARA
942 _cPARA
_d1
999 _c201381
_d201381